[Event "FRA-ch Rapid"]
[Site "Asnieres sur Seine"]
[Date "2023.06.25"]
[Round "1"]
[White "Bacrot, Etienne"]
[Black "Guerlach, Keigo"]
[Result "1-0"]
[WhiteElo "2672"]
[BlackElo "2083"]
[PlyCount "51"]
[EventDate "2023.06.25"]
[EventType "swiss (rapid)"]
[EventRounds "9"]
[EventCountry "FRA"]
[SourceTitle "CBM 214 Extra"]
[Source "ChessBase"]
[SourceDate "2023.07.31"]
[SourceVersion "1"]
[SourceVersionDate "2023.07.31"]
[SourceQuality "1"]

1. e4 e5 2. Nf3 Nf6 3. Nc3 Bb4 4. Nxe5 0-0 5. Be2 Re8 6. Nd3 Bxc3 7. dxc3 Nxe4 8. 0-0 d5 9. f3 Nd6 10. Re1 c6 11. Bf1 Bf5 12. Rxe8+ Nxe8 13. Be3 Nd7 14. Qd2 b6 15. Nb4 Ne5 16. Bf4 a5 17. Bxe5 axb4 18. cxb4 f6 19. Bd4 Qc7 20. Qf2 Rb8 21. Re1 Nd6 22. a4 c5 23. bxc5 bxc5 24. Bxc5 Rxb2 25. Qd4 Rxc2 26. Qxd5+ 1-0

[Event "Glorney Cup"]
[Site "Cardiff"]
[Date "2017.07.24"]
[Round "1.8"]
[White "Miller, Dominic"]
[Black "Guerlach, Keigo"]
[Result "1/2-1/2"]
[WhiteElo "2103"]
[BlackElo "2032"]
[PlyCount "115"]
[EventDate "2017.07.24"]
[EventType "team-tourn"]
[EventRounds "5"]
[EventCountry "WLS"]
[SourceTitle "CBM 179 Extra"]
[Source "ChessBase"]
[SourceDate "2017.08.23"]
[SourceVersion "1"]
[SourceVersionDate "2017.08.23"]
[SourceQuality "1"]
[WhiteTeam "England"]
[BlackTeam "France"]
[WhiteTeamCountry "ENG"]
[BlackTeamCountry "FRA"]

1. e4 e5 2. Nf3 Nf6 3. Nxe5 d6 4. Nf3 Nxe4 5. Nc3 Nxc3 6. dxc3 Be7 7. Be3 Nc6 8. Qd2 Be6 9. 0-0-0 Qd7 10. Bb5 a6 11. Ba4 b5 12. Bb3 Bxb3 13. cxb3 0-0 14. Qd5 b4 15. h4 bxc3 16. bxc3 Bf6 17. Ng5 Ne7 18. Qd3 Qf5 19. Ne4 d5 20. Nxf6+ Qxf6 21. Bg5 Qd6 22. Bxe7 Qxe7 23. Qxd5 Rad8 24. Qg5 f6 25. Qe3 Qa3+ 26. Kb1 Rde8 27. Qd3 Qe7 28. Rd2 Rd8 29. Qc4+ Kh8 30. Rhd1 Rxd2 31. Rxd2 Qe1+ 32. Kc2 Re8 33. g3 h6 34. Qxa6 f5 35. h5 Qh1 36. Qd3 Qxh5 37. a4 Qh1 38. Kb2 Qe1 39. a5 c5 40. Rc2 Ra8 41. a6 Qe6 42. Re2 Qb6 43. Re5 Rxa6 44. Re8+ Kh7 45. Qxf5+ Qg6 46. Qxg6+ Rxg6 47. Re5 Rc6 48. Kc2 g5 49. Kd3 Kg6 50. Kc4 h5 51. Kd5 Rc8 52. Re6+ Kf5 53. Rh6 Kg4 54. f3+ Kxf3 55. Rxh5 Kg4 56. Rh6 Kxg3 57. Rg6 Kf4 58. b4 1/2-1/2

[Event "Avoine op 31st"]
[Site "Avoine"]
[Date "2016.07.28"]
[Round "6"]
[White "Gely, Yann"]
[Black "Guerlach, Keigo"]
[Result "1/2-1/2"]
[WhiteElo "1832"]
[BlackElo "2075"]
[PlyCount "48"]
[EventDate "2016.07.23"]
[EventType "swiss"]
[EventRounds "9"]
[EventCountry "FRA"]
[SourceTitle "CBM 173 Extra"]
[Source "ChessBase"]
[SourceDate "2016.08.29"]
[SourceVersion "1"]
[SourceVersionDate "2016.08.29"]
[SourceQuality "1"]

1. e4 c5 2. Nf3 a6 3. c3 e6 4. d4 d5 5. dxc5 Bxc5 6. exd5 exd5 7. Be2 Nf6 8. Bg5 Bxf2+ 9. Kxf2 Ne4+ 10. Kf1 Nxg5 11. Nxg5 Qxg5 12. Bf3 Be6 13. Kf2 0-0 14. Nd2 Nc6 15. Nb3 Ne5 16. Re1 Rfe8 17. Nd4 Bg4 18. Rxe5 Qxe5 19. Bxg4 Qxh2 20. Bf3 Re5 21. Qd2 Rae8 22. Rf1 g5 23. Bd1 g4 24. Qd3 f5 1/2-1/2

[Event "Avoine op 31st"]
[Site "Avoine"]
[Date "2016.07.25"]
[Round "3"]
[White "Guerlach, Keigo"]
[Black "Sere, Philemon"]
[Result "1-0"]
[WhiteElo "2075"]
[BlackElo "1881"]
[PlyCount "53"]
[EventDate "2016.07.23"]
[EventType "swiss"]
[EventRounds "9"]
[EventCountry "FRA"]
[SourceTitle "CBM 173 Extra"]
[Source "ChessBase"]
[SourceDate "2016.08.29"]
[SourceVersion "1"]
[SourceVersionDate "2016.08.29"]
[SourceQuality "1"]

1. e4 c5 2. Nf3 Nc6 3. Bb5 e5 4. Bxc6 bxc6 5. 0-0 d6 6. h3 Be6 7. Re1 Be7 8. c3 f5 9. exf5 Bxf5 10. d4 e4 11. dxc5 d5 12. Nd4 Bd7 13. Qh5+ Kf8 14. f3 Nf6 15. Qe5 Qb8 16. Qxb8+ Rxb8 17. b4 Kf7 18. Bf4 Rb7 19. Nd2 Nh5 20. Bh2 Bf6 21. a3 Bh4 22. Re2 Bg5 23. fxe4 Bxd2 24. Rxd2 dxe4 25. Rad1 Nf6 26. c4 Re8 27. b5 1-0

[Event "Paris-ch U20"]
[Site "Paris"]
[Date "2016.??.??"]
[Round "5"]
[White "Bitbol Delaveyne, Maelan"]
[Black "Guerlach, Keigo"]
[Result "0-1"]
[WhiteElo "1939"]
[BlackElo "1982"]
[PlyCount "122"]
[EventDate "2016.02.22"]
[EventType "swiss"]
[EventRounds "9"]
[EventCountry "FRA"]
[SourceTitle "EXT 2024"]
[Source "ChessBase"]
[SourceDate "2023.10.10"]
[SourceVersion "1"]
[SourceVersionDate "2023.10.10"]
[SourceQuality "1"]

1. Nf3 d5 2. g3 c6 3. Bg2 Bg4 4. 0-0 Nd7 5. d3 Ngf6 6. Nbd2 e5 7. h3 Bxf3 8. Bxf3 Bd6 9. e4 0-0 10. Bg2 Qc7 11. Qe2 Rfe8 12. Rd1 h6 13. Nf1 d4 14. c3 c5 15. a4 Nf8 16. Nd2 Ne6 17. Nf3 Bf8 18. Nh4 g6 19. Rf1 Nh5 20. Qg4 Nf6 21. Qf3 Bg7 22. Bxh6 Bxh6 23. Qxf6 Bg5 24. Qf3 Bxh4 25. gxh4 Nf4 26. Kh2 Qe7 27. Qg3 Kg7 28. Bf3 Nxd3 29. h5 Nf4 30. Rg1 Rh8 31. Bg4 Rh6 32. cxd4 cxd4 33. Rad1 Qf6 34. Rc1 Qd6 35. Qb3 Rah8 36. Qxb7 Nxh5 37. Rc7 Qf6 38. Qb3 Qxf2+ 39. Rg2 Qf4+ 40. Kg1 Qe3+ 41. Qxe3 dxe3 42. Re2 Nf4 43. Rxe3 Nxh3+ 44. Bxh3 Rxh3 45. Kf2 Rh2+ 46. Kg1 Rh1+ 47. Kg2 R8h2+ 48. Kf3 Rxb2 49. Rcc3 Rh3+ 50. Kg4 Rxe3 51. Rxe3 Ra2 52. Rc3 Rxa4 53. Kf3 a5 54. Rc5 Kf6 55. Rc6+ Kg5 56. Ra6 Ra1 57. Ra7 f6 58. Ra6 a4 59. Ke3 a3 60. Kd2 a2 61. Ra3 Rg1 0-1

[Event "Paris-ch U20"]
[Site "Paris"]
[Date "2016.??.??"]
[Round "8"]
[White "Guerlach, Keigo"]
[Black "Albaric, Etienne"]
[Result "1/2-1/2"]
[WhiteElo "1982"]
[BlackElo "2086"]
[PlyCount "47"]
[EventDate "2016.02.22"]
[EventType "swiss"]
[EventRounds "9"]
[EventCountry "FRA"]
[SourceTitle "EXT 2024"]
[Source "ChessBase"]
[SourceDate "2023.10.10"]
[SourceVersion "1"]
[SourceVersionDate "2023.10.10"]
[SourceQuality "1"]

1. e4 c5 2. Nf3 Nc6 3. Bb5 d6 4. Bxc6+ bxc6 5. h3 e5 6. 0-0 Nf6 7. Re1 Be7 8. c3 0-0 9. d4 cxd4 10. cxd4 Qc7 11. Qc2 h6 12. Nc3 Be6 13. Be3 Rac8 14. Rac1 Nd7 15. dxe5 Nxe5 16. Nxe5 dxe5 17. Nb5 Qb7 18. Nxa7 Rc7 19. Nxc6 Bf6 20. Na5 Rxc2 21. Nxb7 Rxb2 22. Nc5 Rxa2 23. Nxe6 fxe6 24. Rc6 1/2-1/2

[Event "Avoine op 30th"]
[Site "Avoine"]
[Date "2015.07.19"]
[Round "2"]
[White "Kirk, Ezra"]
[Black "Guerlach, Keigo"]
[Result "1-0"]
[WhiteElo "2321"]
[BlackElo "2062"]
[PlyCount "109"]
[EventDate "2015.07.18"]
[EventType "swiss"]
[EventRounds "9"]
[EventCountry "FRA"]
[SourceTitle "EXT 2016"]
[Source "ChessBase"]
[SourceDate "2015.10.08"]
[SourceVersion "1"]
[SourceVersionDate "2015.10.08"]
[SourceQuality "1"]

1. d4 Nf6 2. c4 g6 3. Nc3 Bg7 4. e4 d6 5. Nf3 c5 6. d5 0-0 7. Bd3 e6 8. 0-0 exd5 9. exd5 Bg4 10. h3 Bxf3 11. Qxf3 Nfd7 12. Qd1 Re8 13. Ne4 Ne5 14. Bg5 f6 15. Bf4 Nxc4 16. Qb3 Ne5 17. Bxe5 Rxe5 18. f4 Re7 19. f5 g5 20. Nxg5 fxg5 21. f6 Rc7 22. fxg7 Rxg7 23. Bf5 Nd7 24. Qxb7 Ne5 25. Qb3 g4 26. hxg4 Nxg4 27. Qf3 Ne5 28. Qf4 Kh8 29. Be6 Ng6 30. Qh6 Qb6 31. Rf2 c4 32. Raf1 Rf8 33. Qd2 Rf4 34. g3 Rxf2 35. Rxf2 Ne5 36. Qf4 Ng6 37. Qf6 Qb8 38. Kh1 a5 39. Rf5 a4 40. a3 Qa8 41. Qd4 Nf8 42. Kh2 Ng6 43. Qxc4 Qb8 44. Qd4 Ne5 45. Qb6 Rb7 46. Qd4 Rxb2+ 47. Kh3 Rb7 48. Qf4 Ng6 49. Qxa4 Qd8 50. Qd4+ Ne5 51. a4 Rg7 52. Qf2 Ng6 53. a5 Qa8 54. a6 Rc7 55. Rf7 1-0

[Event "Small Paris-ch"]
[Site "Paris"]
[Date "2015.07.12"]
[Round "7"]
[White "Guerlach, Keigo"]
[Black "Arda, Cagil Irmak"]
[Result "0-1"]
[WhiteElo "2062"]
[BlackElo "1871"]
[PlyCount "78"]
[EventDate "2015.07.06"]
[EventType "swiss"]
[EventRounds "7"]
[EventCountry "FRA"]
[SourceTitle "EXT 2016"]
[Source "ChessBase"]
[SourceDate "2015.10.08"]
[SourceVersion "1"]
[SourceVersionDate "2015.10.08"]
[SourceQuality "1"]

1. g3 g6 2. Bg2 Bg7 3. d3 e6 4. Nf3 Ne7 5. 0-0 d5 6. Nbd2 c5 7. Re1 Nbc6 8. e4 0-0 9. Qe2 b5 10. h4 a5 11. Nf1 Qc7 12. e5 Nd4 13. Nxd4 cxd4 14. Bf4 Ba6 15. Nh2 Rfc8 16. Rac1 Kh8 17. Ng4 Ng8 18. h5 Qe7 19. Bf3 g5 20. Bd2 b4 21. Bg2 Rc6 22. f4 Rac8 23. fxg5 Rxc2 24. Rf1 Qxg5 25. Bxg5 Rxe2 26. Rxc8 Bxc8 27. Rxf7 h6 28. Bd8 Rxb2 29. Bf6 Bxf6 30. Nxf6 Nxf6 31. exf6 Kg8 32. Rc7 Ba6 33. Bh3 Re2 34. Rc6 Bxd3 35. Bxe6+ Rxe6 36. Rxe6 Kf7 37. Rb6 Bc4 38. Rb7+ Kxf6 39. Ra7 d3 0-1

[Event "Small Paris-ch"]
[Site "Paris"]
[Date "2015.07.07"]
[Round "2"]
[White "Deloire, Philippe"]
[Black "Guerlach, Keigo"]
[Result "0-1"]
[WhiteElo "1809"]
[BlackElo "2062"]
[PlyCount "71"]
[EventDate "2015.07.06"]
[EventType "swiss"]
[EventRounds "7"]
[EventCountry "FRA"]
[SourceTitle "EXT 2016"]
[Source "ChessBase"]
[SourceDate "2015.10.08"]
[SourceVersion "1"]
[SourceVersionDate "2015.10.08"]
[SourceQuality "1"]

1. e4 g6 2. d4 Bg7 3. c4 d6 4. Nc3 Nf6 5. Be2 c5 6. d5 0-0 7. Bf4 a6 8. Nf3 Ne8 9. Qd2 e6 10. dxe6 fxe6 11. e5 Qa5 12. 0-0 dxe5 13. Nxe5 Nf6 14. Rad1 Nbd7 15. Bf3 Nxe5 16. Bxe5 Ne4 17. Nxe4 Qxd2 18. Rxd2 Bxe5 19. Nxc5 Bg7 20. Nxb7 Rxf3 21. gxf3 Bxb7 22. Kg2 Rf8 23. Rd3 g5 24. Re1 g4 25. Rxe6 Bxf3+ 26. Kg3 Rf5 27. h3 h5 28. hxg4 hxg4 29. b4 Be5+ 30. Kh4 Bf6+ 31. Kg3 Kf7 32. Rxa6 Kg6 33. Rdd6 Kg5 34. a4 Bd1 35. a5 Be2 36. b5 0-1

[Event "FRA-chT U16"]
[Site "Dieppe"]
[Date "2015.05.24"]
[Round "3.2"]
[White "Guerin, Juliette"]
[Black "Guerlach, Keigo"]
[Result "1-0"]
[WhiteElo "1796"]
[BlackElo "1951"]
[PlyCount "77"]
[EventDate "2015.05.??"]
[EventType "team-tourn"]
[EventRounds "6"]
[EventCountry "FRA"]
[SourceTitle "EXT 2016"]
[Source "ChessBase"]
[SourceDate "2015.10.08"]
[SourceVersion "1"]
[SourceVersionDate "2015.10.08"]
[SourceQuality "1"]

1. d3 Nf6 2. Nf3 g6 3. g3 Bg7 4. Bg2 d6 5. 0-0 0-0 6. c4 c5 7. Nc3 Nc6 8. Bd2 a6 9. Qc1 Re8 10. Bh6 Bh8 11. Ne1 Bd7 12. h3 Rb8 13. a4 Nd4 14. Qd1 Bc6 15. e4 b5 16. axb5 axb5 17. cxb5 Nxb5 18. f4 Nd7 19. Qd2 Nd4 20. Ra2 e6 21. g4 Qb6 22. f5 c4 23. Kh1 Ne5 24. Qf4 cxd3 25. fxg6 fxg6 26. Nxd3 Qc7 27. Nxe5 Bxe5 28. Qf2 Bg7 29. g5 Rf8 30. Qe3 Rxf1+ 31. Bxf1 Qf7 32. Bc4 Bd7 33. Bxg7 Qxg7 34. Ra7 Rd8 35. Qf4 Nc6 36. Bxe6+ Kh8 37. Rxd7 Rxd7 38. Bxd7 Ne5 39. Be6 1-0

[Event "Agneaux St Lo op 15th"]
[Site "Agneaux"]
[Date "2013.07.13"]
[Round "8"]
[White "Fayad, Erwan"]
[Black "Guerlach, Keigo"]
[Result "1/2-1/2"]
[WhiteElo "1938"]
[BlackElo "1730"]
[PlyCount "60"]
[EventDate "2013.07.07"]
[EventType "swiss"]
[EventRounds "9"]
[EventCountry "FRA"]
[SourceTitle "EXT 2014"]
[Source "ChessBase"]
[SourceDate "2013.11.20"]
[SourceVersion "1"]
[SourceVersionDate "2013.11.20"]
[SourceQuality "1"]

1. e4 e5 2. Nf3 Nf6 3. Bc4 Nxe4 4. Nc3 Nxc3 5. dxc3 Be7 6. Nxe5 0-0 7. Qf3 Qe8 8. Be3 d6 9. Nd3 Qc6 10. Bd5 Qd7 11. 0-0-0 Qa4 12. Bb3 Qg4 13. Qxg4 Bxg4 14. f3 Be6 15. Bxe6 fxe6 16. Rhe1 e5 17. Nb4 Nd7 18. c4 Nf6 19. c5 dxc5 20. Nd3 Nd7 21. c4 Bd6 22. Bd2 Rfe8 23. Bc3 Kf7 24. Re4 Re6 25. Rde1 Rae8 26. Kc2 R6e7 27. Rh4 h6 28. Nf2 Nf6 29. Ne4 Nxe4 30. Rhxe4 Re6 1/2-1/2

[Event "FRA-chT U20 16 GP Haute 1213"]
[Site "France"]
[Date "2013.05.18"]
[Round "8"]
[White "Paternoster, Thibaud"]
[Black "Guerlach, Keigo"]
[Result "1-0"]
[WhiteElo "1696"]
[BlackElo "1771"]
[PlyCount "89"]
[EventDate "2012.12.01"]
[EventType "team"]
[EventRounds "11"]
[EventCountry "FRA"]
[SourceTitle "EXT 2014"]
[Source "ChessBase"]
[SourceDate "2013.11.20"]
[SourceVersion "1"]
[SourceVersionDate "2013.11.20"]
[SourceQuality "1"]
[WhiteTeam "Nancy (U20)"]
[BlackTeam "Bois Colombes (U20)"]
[WhiteTeamCountry "FRA"]
[BlackTeamCountry "FRA"]

1. d4 d5 2. c4 e6 3. Nf3 c6 4. cxd5 exd5 5. Qc2 Bd6 6. Nc3 Nf6 7. Bg5 0-0 8. e3 h6 9. Bh4 Be6 10. Bd3 Nbd7 11. Rg1 Qc7 12. g4 Bxg4 13. Rxg4 Nxg4 14. 0-0-0 Rae8 15. Rg1 Ngf6 16. Bf5 Be7 17. Bxd7 Nxd7 18. Bxe7 Rxe7 19. Nxd5 Qd6 20. Nxe7+ Qxe7 21. Qc3 Nf6 22. Ne5 Rc8 23. Kb1 c5 24. Rc1 b6 25. f3 Nd5 26. Qb3 Qe6 27. e4 Ne7 28. Qxe6 fxe6 29. dxc5 Rxc5 30. Rxc5 bxc5 31. Nd3 Nc6 32. Nxc5 Nd4 33. f4 Kf7 34. Nd3 g5 35. fxg5 hxg5 36. a4 Nf3 37. h3 Nd2+ 38. Kc2 Nxe4 39. Ne5+ Kf6 40. Nc6 a6 41. b4 Kf5 42. Nb8 a5 43. bxa5 Nc5 44. a6 Nxa4 45. Nd7 1-0

[Event "FRA-chT U20 GpB 1213"]
[Site "France"]
[Date "2013.01.05"]
[Round "6"]
[White "Guerlach, Keigo"]
[Black "Vigna, Leo"]
[Result "1/2-1/2"]
[WhiteElo "1771"]
[BlackElo "1736"]
[PlyCount "124"]
[EventDate "2012.12.01"]
[EventType "team"]
[EventRounds "7"]
[EventCountry "FRA"]
[SourceTitle "EXT 2014"]
[Source "ChessBase"]
[SourceDate "2013.11.20"]
[SourceVersion "1"]
[SourceVersionDate "2013.11.20"]
[SourceQuality "1"]
[WhiteTeam "Bois Colombes (U20)"]
[BlackTeam "Lutece (U20)"]
[WhiteTeamCountry "FRA"]
[BlackTeamCountry "FRA"]

1. e4 e5 2. Nf3 Nc6 3. Bb5 a6 4. Bxc6 dxc6 5. d4 exd4 6. Qxd4 Qxd4 7. Nxd4 g6 8. Nc3 Bg7 9. Nde2 Be6 10. Be3 0-0-0 11. Rd1 Rxd1+ 12. Kxd1 f5 13. Bd4 Nf6 14. e5 Ng4 15. f4 Rd8 16. Kc1 b6 17. h3 Nh6 18. Rd1 Nf7 19. Bf2 c5 20. Rd3 Bh6 21. Kd1 g5 22. g3 Bc4 23. Rxd8+ Nxd8 24. b3 Bf7 25. Be3 Ne6 26. Nd5 Kd8 27. Nf6 Bg6 28. h4 gxf4 29. gxf4 Nf8 30. Ng3 Bg7 31. Ngh5 Bxh5+ 32. Nxh5 Bh6 33. Ng3 Ng6 34. Nxf5 Bxf4 35. Bxf4 Nxf4 36. Kd2 Kd7 37. Ke3 Nd5+ 38. Ke4 Nc3+ 39. Kf4 Nxa2 40. Ng7 Nb4 41. Kf5 Nxc2 42. Kf6 Nd4 43. e6+ Nxe6 44. Nxe6 a5 45. Ke5 h6 46. h5 c4 47. bxc4 a4 48. Nd4 a3 49. Nb3 Ke7 50. Na1 c6 51. Nb3 b5 52. cxb5 cxb5 53. Na1 Kf7 54. Kf5 b4 55. Nb3 a2 56. Na1 Kg7 57. Ke6 Kg8 58. Kf6 Kh7 59. Kf7 Kh8 60. Kg6 Kg8 61. Kxh6 Kh8 62. Kg6 Kg8 1/2-1/2

[Event "FRA-chT U20 GpB 1213"]
[Site "France"]
[Date "2013.01.05"]
[Round "5"]
[White "O'Sullivan, Thomas"]
[Black "Guerlach, Keigo"]
[Result "1/2-1/2"]
[WhiteElo "1869"]
[BlackElo "1771"]
[PlyCount "135"]
[EventDate "2012.12.01"]
[EventType "team"]
[EventRounds "7"]
[EventCountry "FRA"]
[SourceTitle "EXT 2014"]
[Source "ChessBase"]
[SourceDate "2013.11.20"]
[SourceVersion "1"]
[SourceVersionDate "2013.11.20"]
[SourceQuality "1"]
[WhiteTeam "Villepinte (U20)"]
[BlackTeam "Bois Colombes (U20)"]
[WhiteTeamCountry "FRA"]
[BlackTeamCountry "FRA"]

1. d4 d5 2. c4 e6 3. Nc3 c6 4. e3 Nf6 5. Nf3 Nbd7 6. b3 Bb4 7. Bd2 Bd6 8. Bd3 e5 9. cxd5 Nxd5 10. Nxd5 cxd5 11. dxe5 Nxe5 12. Be2 Nc6 13. 0-0 0-0 14. Bc3 Bf5 15. Qd2 Be4 16. Rfd1 Bc7 17. b4 Qd6 18. g3 a6 19. Ng5 Rad8 20. Nxe4 dxe4 21. Qb2 Qg6 22. a4 Qg5 23. b5 axb5 24. Qxb5 Qxb5 25. axb5 Ne5 26. b6 Bb8 27. Kg2 Nc6 28. Bc4 Be5 29. Bxe5 Nxe5 30. Bd5 Nd7 31. Bxb7 Nxb6 32. Bxe4 Nd7 33. Bd5 Nf6 34. Bb3 Rxd1 35. Rxd1 Rb8 36. Bc2 Kf8 37. e4 Rb2 38. Rc1 g6 39. h3 Ke7 40. Bd3 Rd2 41. Rc7+ Nd7 42. Bb5 Kd8 43. Rxd7+ Rxd7 44. Bxd7 Kxd7 45. Kf3 Ke6 46. Ke3 f5 47. f4 fxe4 48. Kxe4 Kf6 49. g4 Ke6 50. Kd4 Kd6 51. Ke3 Ke7 52. h4 Kd7 53. Ke4 Ke6 54. Kd4 Kd6 55. f5 gxf5 56. gxf5 Ke7 57. Ke3 Kf7 58. Kf4 Kf6 59. h5 Kf7 60. Kg5 Kg7 61. f6+ Kf7 62. Kf5 h6 63. Ke5 Kf8 64. Kf4 Kg8 65. Ke5 Kf8 66. Ke6 Ke8 67. Kd6 Kf7 68. Ke5 1/2-1/2

[Event "FRA-chT U20 1112"]
[Site "France"]
[Date "2011.12.04"]
[Round "2"]
[White "Guerlach, Keigo"]
[Black "Amghar, Ismael"]
[Result "1-0"]
[WhiteElo "1661"]
[BlackElo "1642"]
[PlyCount "86"]
[EventDate "2011.12.03"]
[EventType "team-swiss"]
[EventRounds "7"]
[EventCountry "FRA"]
[SourceTitle "EXT 2013"]
[Source "ChessBase"]
[SourceDate "2012.11.22"]
[SourceVersion "1"]
[SourceVersionDate "2012.11.22"]
[SourceQuality "1"]

1. e4 e5 2. Nf3 Nc6 3. Bb5 a6 4. Bxc6 dxc6 5. 0-0 Bg4 6. h3 Bh5 7. d3 Bd6 8. Be3 c5 9. Nbd2 Ne7 10. Nc4 Nc6 11. c3 Qd7 12. Ncxe5 Qe6 13. Nxc6 bxc6 14. Ng5 Qe5 15. f4 Qxg5 16. fxg5 Bxd1 17. Raxd1 0-0 18. Bf4 Rab8 19. b3 Bxf4 20. Rxf4 Rfd8 21. Rf5 c4 22. bxc4 Rb2 23. Rf2 Rdb8 24. Re1 Kf8 25. Kf1 Ke7 26. Rfe2 Ke6 27. Kf2 c5 28. Ke3 R2b6 29. Rf1 Rd8 30. Rf5 Rc6 31. Ref2 Rcd6 32. Rd5 c6 33. Rxd6+ Rxd6 34. Rf5 g6 35. Rf6+ Ke7 36. Rxd6 Kxd6 37. a4 Kc7 38. a5 Kd7 39. e5 Ke6 40. Ke4 Ke7 41. d4 cxd4 42. cxd4 Kd7 43. Kd3 Kc7 1-0

[Event "FRA-chT U20 16 GP Basse 1011"]
[Site "France"]
[Date "2011.06.12"]
[Round "8"]
[White "Ferrari, Louis"]
[Black "Guerlach, Keigo"]
[Result "1/2-1/2"]
[WhiteElo "1660"]
[BlackElo "1654"]
[PlyCount "77"]
[EventDate "2010.06.20"]
[EventType "team-tourn"]
[EventRounds "11"]
[EventCountry "FRA"]
[SourceTitle "EXT 2015"]
[Source "ChessBase"]
[SourceDate "2014.11.20"]
[SourceVersion "1"]
[SourceVersionDate "2014.11.20"]
[SourceQuality "1"]
[WhiteTeam "Hyeres (U20)"]
[BlackTeam "Bois Colombes (U20)"]
[WhiteTeamCountry "FRA"]
[BlackTeamCountry "FRA"]

1. c4 e6 2. Nc3 d5 3. d4 c6 4. e4 dxe4 5. Nxe4 Bb4+ 6. Bd2 Bxd2+ 7. Qxd2 Nf6 8. Nxf6+ Qxf6 9. Nf3 Nd7 10. Qg5 Qxg5 11. Nxg5 0-0 12. 0-0-0 Nf6 13. h4 h6 14. Nh3 h5 15. f3 Re8 16. Nf2 e5 17. dxe5 Rxe5 18. Rd8+ Re8 19. Rxe8+ Nxe8 20. Ne4 Bf5 21. Bd3 Bxe4 22. Bxe4 Nf6 23. Re1 Nxe4 24. Rxe4 Kf8 25. g4 hxg4 26. fxg4 Re8 27. Rxe8+ Kxe8 28. Kd2 Ke7 29. Ke3 Ke6 30. Ke4 c5 31. a3 a6 32. a4 a5 33. b3 b6 34. h5 f6 35. Kf4 Ke7 36. Kf5 Kf7 37. g5 fxg5 38. Kxg5 Ke7 39. Kg6 1/2-1/2

[Event "FRA-chTB U20 1011"]
[Site "France"]
[Date "2010.12.20"]
[Round "7.5"]
[White "Guerlach, Keigo"]
[Black "Barbotte, Leo"]
[Result "1/2-1/2"]
[WhiteElo "1639"]
[BlackElo "1510"]
[PlyCount "69"]
[EventDate "2010.11.20"]
[EventType "team-tourn"]
[EventRounds "7"]
[EventCountry "FRA"]
[SourceTitle "EXT 2012"]
[Source "ChessBase"]
[SourceDate "2011.11.24"]
[SourceVersion "1"]
[SourceVersionDate "2011.11.24"]
[SourceQuality "1"]
[WhiteTeam "Bois Colombes"]
[BlackTeam "Niort"]
[WhiteTeamCountry "FRA"]
[BlackTeamCountry "FRA"]

1. e4 d6 2. d4 Nf6 3. Nc3 g6 4. Bc4 Bg7 5. Nf3 0-0 6. 0-0 c6 7. Bg5 Qc7 8. Bb3 Rd8 9. Qe2 Rf8 10. Rad1 e6 11. Rfe1 d5 12. exd5 cxd5 13. Qe5 Qxe5 14. Nxe5 h6 15. Bh4 Nbd7 16. Nxd7 Bxd7 17. Bg3 a5 18. Ba4 Bxa4 19. Nxa4 Nh5 20. Be5 Bxe5 21. Rxe5 Kg7 22. Rde1 Rac8 23. c3 Nf4 24. R5e3 Rc4 25. Nb6 Rc6 26. Na4 b5 27. Nc5 Rb8 28. Nd7 Rd8 29. Ne5 Rc7 30. a3 Rdc8 31. Nf3 Rb8 32. h3 Nh5 33. R3e2 b4 34. axb4 axb4 35. Re3 1/2-1/2

[Event "FRA-chTB U20 1011"]
[Site "France"]
[Date "2010.12.19"]
[Round "5.5"]
[White "Guerlach, Keigo"]
[Black "Vigna, Leo"]
[Result "1/2-1/2"]
[WhiteElo "1639"]
[BlackElo "1685"]
[PlyCount "57"]
[EventDate "2010.11.20"]
[EventType "team-tourn"]
[EventRounds "7"]
[EventCountry "FRA"]
[SourceTitle "EXT 2012"]
[Source "ChessBase"]
[SourceDate "2011.11.24"]
[SourceVersion "1"]
[SourceVersionDate "2011.11.24"]
[SourceQuality "1"]
[WhiteTeam "Bois Colombes"]
[BlackTeam "Clichy"]
[WhiteTeamCountry "FRA"]
[BlackTeamCountry "FRA"]

1. d4 Nf6 2. Nf3 e6 3. Bf4 Nc6 4. Nc3 Bb4 5. a3 Bxc3+ 6. bxc3 Ne4 7. Qd3 d5 8. Nd2 Nd6 9. e4 Na5 10. Qg3 0-0 11. Bd3 Re8 12. 0-0 b6 13. Bxd6 cxd6 14. exd5 exd5 15. Rfe1 Be6 16. Re3 Nc4 17. Nxc4 dxc4 18. Be4 d5 19. Bf3 Qd7 20. Rae1 h6 21. h3 Rad8 22. Bg4 Bxg4 23. Qxg4 Rxe3 24. Rxe3 Qxg4 25. hxg4 Kf8 26. Kf1 Re8 27. Ke2 Re6 28. Rxe6 fxe6 29. f4 1/2-1/2

[Event "FRA-chTB U20 1011"]
[Site "France"]
[Date "2010.11.21"]
[Round "2.5"]
[White "Guerlach, Keigo"]
[Black "Lutard, Theo"]
[Result "1/2-1/2"]
[WhiteElo "1639"]
[BlackElo "1630"]
[PlyCount "132"]
[EventDate "2010.11.20"]
[EventType "team-tourn"]
[EventRounds "7"]
[EventCountry "FRA"]
[SourceTitle "EXT 2012"]
[Source "ChessBase"]
[SourceDate "2011.11.24"]
[SourceVersion "1"]
[SourceVersionDate "2011.11.24"]
[SourceQuality "1"]
[WhiteTeam "Bois Colombes"]
[BlackTeam "Potemkine"]
[WhiteTeamCountry "FRA"]
[BlackTeamCountry "FRA"]

1. e4 e5 2. Nf3 Nf6 3. Nxe5 d6 4. Nf3 Nxe4 5. Nc3 Nxc3 6. dxc3 Be7 7. Bc4 0-0 8. Be3 Nd7 9. 0-0 c6 10. Be2 d5 11. c4 Nf6 12. Bg5 Bf5 13. cxd5 cxd5 14. c3 Qd7 15. Bd3 Rfd8 16. Re1 Bxd3 17. Qxd3 Rac8 18. Rad1 h6 19. Bh4 Rc7 20. Bg3 Bd6 21. Bxd6 Qxd6 22. h3 Rcd7 23. Ne5 Re7 24. Nf3 Rxe1+ 25. Rxe1 Ne4 26. Nd2 Nc5 27. Qe3 d4 28. cxd4 Qxd4 29. Qxd4 Rxd4 30. Nf3 Rb4 31. b3 a5 32. Re5 b6 33. Re8+ Kh7 34. Re7 Kg6 35. Re3 a4 36. Ne5+ Kf6 37. Nd3 Nxd3 38. Rxd3 axb3 39. axb3 b5 40. Kf1 Re4 41. Rd5 Rb4 42. Rd3 Re4 43. f3 Re5 44. Kf2 Kg6 45. Rd4 Kf6 46. Rd3 Kg6 47. Re3 Rd5 48. Ke2 Kf6 49. Re4 g6 50. Ke3 h5 51. Rd4 Rc5 52. Kd3 Ke6 53. f4 f6 54. Rd8 Kf5 55. g3 b4 56. Ke2 Rc3 57. Rd3 Ke4 58. Rxc3 bxc3 59. b4 Kd4 60. b5 Kc5 61. Kd3 Kxb5 62. Kxc3 Kc5 63. Kd3 Kd5 64. Ke3 f5 65. Kd3 Kc5 66. Kc3 Kd5 1/2-1/2

[Event "FRA-chT U20 0809"]
[Site "Sautron"]
[Date "2009.01.04"]
[Round "7.7"]
[White "Bernard, Anthony"]
[Black "Guerlach, Keigo"]
[Result "0-1"]
[WhiteElo "1300"]
[BlackElo "1700"]
[PlyCount "27"]
[EventDate "2008.10.??"]
[EventType "team-tourn"]
[EventRounds "11"]
[EventCountry "FRA"]
[SourceTitle "EXT 2010"]
[Source "ChessBase"]
[SourceDate "2010.11.25"]
[SourceVersion "1"]
[SourceVersionDate "2010.11.25"]
[SourceQuality "1"]

1. e4 e5 2. Nf3 Nf6 3. Nc3 Bb4 4. Nxe5 Qe7 5. d4 Bxc3+ 6. bxc3 d6 7. Ba3 0-0 8. g3 Rd8 9. Bg2 Qe8 10. Nf3 Nxe4 11. Bb2 Nxc3+ 12. Kd2 Nxd1 13. Re1 Qf8 14. Raxd1 0-1